Crofters (Scotland) Act 1993 and Crofting Reform etc. Act 2007 (Record no. 107888)
[ view plain ]
| 000 -LEADER | |
|---|---|
| fixed length control field | 01271caa a22002415a 4500 |
| 001 - CONTROL NUMBER | |
| control field | E142444 |
| 008 - FIXED-LENGTH DATA ELEMENTS--GENERAL INFORMATION | |
| fixed length control field | 080214e20071219stk f s000 0 eng d |
| 020 ## - INTERNATIONAL STANDARD BOOK NUMBER | |
| International Standard Book Number | 9780755968916 |
| 035 ## - SYSTEM CONTROL NUMBER | |
| System control number | (Sirsi) u142444 |
| 041 0# - LANGUAGE CODE | |
| Language code of text/sound track or separate title | eng |
| 110 1# - MAIN ENTRY--CORPORATE NAME | |
| Corporate name or jurisdiction name as entry element | Scotland |
| Subordinate unit | Scottish Government |
| 9 (RLIN) | 5344 |
| 245 40 - TITLE STATEMENT | |
| Title | Crofters (Scotland) Act 1993 and Crofting Reform etc. Act 2007 |
| Remainder of title | consultation on designation of new areas for crofting |
| Medium | [electronic resource] |
| 260 ## - PUBLICATION, DISTRIBUTION, ETC. | |
| Place of publication, distribution, etc. | Edinburgh |
| Name of publisher, distributor, etc. | Scottish Government |
| Date of publication, distribution, etc. | 2007 |
| 520 ## - SUMMARY, ETC. | |
| Summary, etc. | Consultation on proposals to designate new areas in Scotland, outwith the Crofting Counties, where crofts can be created. This would involve new designation areas of the isles of Arran, Bute, Greater and Little Cumbrae; the local government area of Highland not currently within the Crofting Counties and the local government area of Moray. |
| 520 ## - SUMMARY, ETC. | |
| Summary, etc. | Responses submitted by 12 March 2008 |
| 590 ## - LOCAL NOTE (RLIN) | |
| Local note | KA |
| 650 24 - SUBJECT ADDED ENTRY--TOPICAL TERM | |
| Topical term or geographic name entry element | CROFTERS (SCOTLAND) ACT 1993 |
| 650 24 - SUBJECT ADDED ENTRY--TOPICAL TERM | |
| Topical term or geographic name entry element | CROFTING REFORM ETC. ACT 2007 |
| 651 #4 - SUBJECT ADDED ENTRY--GEOGRAPHIC NAME | |
| Geographic name | Scotland |
| Chronological subdivision | 1999- |
| 690 ## - LOCAL SUBJECT ADDED ENTRY--TOPICAL TERM (OCLC, RLIN) | |
| Topical term or geographic name as entry element | PROPERTY-RURAL AND NATURAL ASSETS-AGRICULTURAL PROPERTY |
| 856 40 - ELECTRONIC LOCATION AND ACCESS | |
| Uniform Resource Identifier | <a href="https://www.scotland.gov.uk/Publications/2007/12/18094859/0">https://www.scotland.gov.uk/Publications/2007/12/18094859/0</a> |
| Public note | View the consultation free of charge at www.scotland.gov.uk/consultations... |
| 942 ## - ADDED ENTRY ELEMENTS (KOHA) | |
| Suppress in OPAC | 0 |
| Withdrawn status | Lost status | Source of classification or shelving scheme | Damaged status | Not for loan | Home library | Current library | Shelving location | Date acquired | Total Checkouts | Full call number | Barcode | Date last seen | Copy number | Price effective from | Koha item type |
|---|---|---|---|---|---|---|---|---|---|---|---|---|---|---|---|
| Dewey Decimal Classification | Virtual | Virtual | Online | 14/02/2008 | ONLINE PUBLICATION | 142444-2001 | 06/08/2019 | 1 | 06/08/2019 | Book |